| 000 | 01024nam a22003137a 4500 | ||
|---|---|---|---|
| 001 | 19550 | ||
| 003 | CO-MdFUSB | ||
| 005 | 20190202100327.0 | ||
| 008 | 170509t1953 e ||||| |||| 00| 0 eng d | ||
| 040 |
_aCO-MdFUSB _bspa _cCO-MdFUSB _dCO-MdFUSBC _erda |
||
| 041 | _aeng | ||
| 082 | 0 | 4 | _aG 220.13 R8841u |
| 100 | 1 |
_aRowley, H. H. _eautor |
|
| 245 | 4 |
_aThe unity of the Bible _c / H. H. Rowley |
|
| 264 | 4 |
_aLondon : _bThe Carey Kingsgate Press, _c©1953 |
|
| 300 | _a201 páginas | ||
| 336 |
_2rdacontent _a1 _ba1 |
||
| 337 |
_2rdamedia _a2 _b5 |
||
| 338 |
_2rdacarrier _a2 _b5 |
||
| 500 | _aIncluye índices (p. 191-201) | ||
| 501 | _aPasta dura | ||
| 505 | 0 | 0 | _aUnidad en diversidad - La ley y los profetas - Dios y el hombre - El cumplimiento de promesa - La cruz - Los sacramentos cristianos |
| 650 | 0 |
_aBiblia _916 |
|
| 650 | 0 |
_aBiblia _9360 _bEvidencias, autoridad, etc. |
|
| 653 | _aBiblia - Canon - Inspiración | ||
| 653 | _aBiblia - Autoridad - Unidad | ||
| 653 | _aBiblia A.T - Evidencias | ||
| 942 | _cBK | ||
| 999 |
_c45913 _d45913 |
||